| 000 | 00362nam a2200145Ia 4500 | ||
|---|---|---|---|
| 008 | 230917s9999||||xx |||||||||||||| ||und|| | ||
| 040 |
_e126311 _aMAIN |
||
| 041 | _aEnglish | ||
| 082 | _a780.430954 S19I | ||
| 100 | _aSahukar, Mani | ||
| 245 | 0 | _aIndian classical music | |
| 260 |
_aNew Delhi _bReliance Publishing House _c1996 |
||
| 300 | _a68 p. | ||
| 942 | _cBK | ||
| 999 |
_c52081 _d52081 |
||